| 000 | 00994nam a2200289 i 4500 | ||
|---|---|---|---|
| 003 | IT-RoINE | ||
| 005 | 20181204062805.0 | ||
| 008 | 120214s2011 fr |r 000|||fre|d | ||
| 020 | _a9782204097109 | ||
| 040 |
_cIT-RoINE _dIT-RoINE |
||
| 100 | 1 |
_aBatiffol, Pierre, _91396 _d1861-1929 |
|
| 245 | 1 | 2 |
_aL'Eglise naissante et le catholicisme / _cPierre Batiffol ; preface du Jean Danielou. |
| 250 | _aNouvelle edition | ||
| 260 |
_aParis : _bLes editions du Cerf, _c2011. |
||
| 300 |
_aLXVI, 502 p. ; _c22 cm. |
||
| 336 |
_2rdacontent _atext |
||
| 337 |
_2rdamedia _aunmediated |
||
| 338 |
_2rdacarrier _avolume |
||
| 490 | 1 | _aBibliothèque du Cerf | |
| 504 | _aIncluye referencias bibliográficas en notas. | ||
| 600 | 0 | 4 |
_91497 _aJesucristo _xHistoricidad |
| 650 | 4 |
_91891 _aCristianismo _xHistoria _yca. 30-600 (Iglesia primitiva) |
|
| 650 | 4 |
_93258 _aEclesiología |
|
| 700 | 1 |
_aDaniélou, Jean, _94210 _cCardenal, _d1905-1974 |
|
| 830 | 0 |
_aBibliothèque du Cerf _93261 |
|
| 942 | _cMTS | ||
| 999 |
_c27922 _d27922 |
||